[Event "Challenge"]
[Site "http://www.queenalice.com/game.php?id=525298"]
[Date "2009.1.19"]
[Round "-"]
[White "quena"]
[Black "SilverBirch"]
[Result "0-1"]
[WhiteElo "1036"]
[BlackElo "1597"]

1. e4 c5 2. Nf3 Nc6 3. d4 cxd4 4. Nxd4 g6 5. Nxc6 bxc6 6. Bd2 Bg7 7. Be2 Bxb2 8.
Nc3 Bxa1 9. Qxa1 e5 10. O-O Nf6 11. Bg5 O-O 12. Na4 d6 13. Qc3 c5 14. Qf3 Kg7
15. Rb1 Bd7 16. Nc3 h6 17. Be3 Nh5 18. Nd5 f5 19. exf5 Bxf5 20. Rb7+ Bd7 21. Qe4
Rf7 22. Qd3 Bf5 23. Bxh6+ Kg8 0-1

[Event "AUTO-OPEN-1409"]
[Site "http://www.queenalice.com/game.php?id=525377"]
[Date "2009.1.19"]
[Round "1"]
[White "SilverBirch"]
[Black "dwrogers"]
[Result "1-0"]
[WhiteElo "1483"]
[BlackElo "1362"]

1. d4 e6 2. c4 Nf6 3. e3 Bb4+ 4. Bd2 Bxd2+ 5. Nxd2 O-O 6. Ngf3 Nc6 7. Qc2 d5 8.
c5 Nb4 9. Qc3 Nc6 10. Bd3 Ne4 11. Bxe4 dxe4 12. Nxe4 Qd5 13. Ned2 Rd8 14. O-O f6
15. b4 e5 16. b5 e4 17. Ne1 Ne7 18. a4 Bg4 19. Qc2 Be2 20. Nxe4 Qf5 21. Qxe2
Qxe4 22. f3 Qd5 23. g4 Ng6 24. Ng2 b6 25. Rac1 bxc5 26. Rxc5 Qb3 27. Qc4+ Qxc4
28. Rxc4 Rdc8 29. Rfc1 Ne7 30. Rxc7 Rxc7 31. Rxc7 Nd5 32. Rc2 Re8 33. e4 Nb4 34.
Rb2 Nd3 35. Rd2 Nb4 36. Nf4 g5 37. Nh5 Kf7 38. a5 Rc8 39. Kf2 Rc2 40. Rxc2 Nxc2
41. d5 Nb4 42. Ke2 Na2 43. Kd3 Nb4+ 44. Kc4 Nc2 45. Kc5 Ke7 46. d6+ Kd7 47.
Nxf6+ Kd8 48. e5 h6 49. e6 1-0

[Event "AUTO-OPEN-1409"]
[Site "http://www.queenalice.com/game.php?id=525381"]
[Date "2009.1.19"]
[Round "1"]
[White "SilverBirch"]
[Black "pushpwan"]
[Result "0-1"]
[WhiteElo "1609"]
[BlackElo "1677"]

1. d4 Nf6 2. c4 g6 3. Nc3 d5 4. c5 Bg7 5. e3 c6 6. b4 Bf5 7. Nf3 Nbd7 8. a4 b6
9. a5 bxc5 10. dxc5 Ne4 11. Nd4 Nxc3 12. Qb3 Ne4 13. Nxc6 Qc7 14. Nd4 Rb8 15.
Qxd5 Rxb4 16. Ba3 Rxd4 17. exd4 Qxa5+ 0-1

[Event "AUTO-OPEN-1409"]
[Site "http://www.queenalice.com/game.php?id=525382"]
[Date "2009.1.19"]
[Round "1"]
[White "pushpwan"]
[Black "SilverBirch"]
[Result "0-1"]
[WhiteElo "1674"]
[BlackElo "1614"]

1. e4 c5 2. Nf3 Nc6 3. Bb5 a6 4. Bxc6 bxc6 5. d4 cxd4 6. Qxd4 Nf6 7. c4 d6 8.
O-O e5 9. Qd3 Bb7 10. Bg5 Be7 11. Rd1 Qd7 12. Bxf6 gxf6 13. Nh4 Qg4 14. Nf5 c5
15. Nc3 Rg8 16. g3 Rd8 17. Nd5 Bxd5 18. Qxd5 h5 0-1

[Event "Challenge"]
[Site "http://www.queenalice.com/game.php?id=525609"]
[Date "2009.1.19"]
[Round "-"]
[White "xavier31"]
[Black "SilverBirch"]
[Result "0-1"]
[WhiteElo "1377"]
[BlackElo "1552"]

1. e4 c5 2. d4 cxd4 3. Bg5 Nc6 4. Nh3 h6 5. Bf4 e5 6. Bd2 Nf6 7. Na3 Nxe4 8. Qf3
Nf6 9. Bb5 a6 10. Ba4 b5 11. Bb3 Bb7 12. O-O Bd6 13. Bd5 Nxd5 14. Qxd5 Qc7 15.
f4 Nb4 16. Qb3 Qc6 17. fxe5 Qxg2# 0-1

[Event "Challenge"]
[Site "http://www.queenalice.com/game.php?id=525835"]
[Date "2009.1.20"]
[Round "-"]
[White "Carlos3000"]
[Black "SilverBirch"]
[Result "0-1"]
[WhiteElo "1482"]
[BlackElo "1580"]

1. e4 c5 2. Qh5 Nf6 3. Qxc5 Nxe4 4. Qd4 Nf6 5. Bc4 Nc6 6. Qd3 e6 7. Qb3 Bc5 8.
Nc3 Nd4 9. Qa4 a6 10. Nf3 Nxf3+ 11. gxf3 Rb8 12. Bd3 O-O 13. Qf4 d6 14. Na4 Ba7
15. Qh4 b5 16. Nc3 d5 17. Rg1 Bb7 18. Bxh7+ Nxh7 19. Qg3 g6 20. h4 Nf6 21. d3
Nh5 22. Qe5 Qxh4 23. d4 Bxd4 24. Qe2 Qf6 25. Bg5 Bxc3+ 26. bxc3 Qxc3+ 27. Qd2
Qxa1+ 28. Qd1 Qxa2 29. Bh6 Qa5+ 30. Kf1 Rfc8 31. Qd4 Rxc2 32. Rg3 Qc3 33. Rg4
Qxd4 34. Rxd4 Rbc8 35. f4 R8c3 36. Bg5 Rc4 37. Rd3 Nxf4 38. Rg3 Rc1# 0-1

[Event "AUTO-BEG-292"]
[Site "http://www.queenalice.com/game.php?id=541090"]
[Date "2009.2.15"]
[Round "1"]
[White "Barrettto"]
[Black "SilverBirch"]
[Result "1/2-1/2"]
[WhiteElo "1479"]
[BlackElo "1635"]

1. e3 c5 2. c3 c4 3. Bxc4 e6 4. Nf3 g6 5. g3 d5 6. Bb5+ Bd7 7. a4 a6 8. Bxd7+
Nxd7 9. h4 Bg7 10. b4 Ne7 11. Bb2 O-O 12. d4 Rc8 13. Nfd2 Re8 14. Rf1 e5 15. f4
exd4 16. exd4 Nf5+ 17. Kf2 Ne3 18. Qe2 Nxf1 19. Qxf1 Nf6 20. a5 Ng4+ 21. Kg2
Ne3+ 22. Kg1 1/2-1/2

[Event "AUTO-BEG-292"]
[Site "http://www.queenalice.com/game.php?id=541091"]
[Date "2009.2.15"]
[Round "1"]
[White "SilverBirch"]
[Black "Barrettto"]
[Result "1/2-1/2"]
[WhiteElo "1649"]
[BlackElo "1458"]

1. d4 e6 2. c4 d5 3. c5 Nc6 4. e3 g6 5. Bb5 a6 6. Ba4 b5 7. Bc2 e5 8. a4 b4 9.
b3 e4 10. Ne2 Qg5 11. O-O h5 12. f4 Qd8 13. Qe1 h4 14. a5 h3 15. g3 Nf6 16. Bd2
Rh5 17. Bxb4 Ng4 18. Bd2 Rb8 19. Ra3 Na7 20. b4 Nb5 21. Rb3 c6 22. Rb2 Rh6
1/2-1/2

[Event "Challenge"]
[Site "http://www.queenalice.com/game.php?id=550958"]
[Date "2009.3.5"]
[Round "-"]
[White "josealexandreschultz"]
[Black "SilverBirch"]
[Result "1-0"]
[WhiteElo "1639"]
[BlackElo "1625"]

1. e4 c5 2. Nf3 Nc6 3. Bb5 g6 4. O-O Bg7 5. Nc3 e6 6. b3 d5 7. Rb1 Ne7 8. Bb2 d4
9. Ne2 e5 10. c3 a6 11. Bd3 Bg4 12. Ng3 O-O 13. Re1 h5 14. Bf1 h4 15. Nh1 f5 16.
Bd3 f4 17. Be2 g5 18. Nxg5 Qd7 19. h3 Bxe2 20. Qxe2 Bh6 21. Qc4+ 1-0

[Event "Challenge"]
[Site "http://www.queenalice.com/game.php?id=563032"]
[Date "2009.3.28"]
[Round "-"]
[White "khran"]
[Black "SilverBirch"]
[Result "1-0"]
[WhiteElo "1701"]
[BlackElo "1601"]

1. e4 c5 2. c4 Nc6 3. Nf3 g6 4. d4 Bg7 5. Be3 e6 6. Be2 Nge7 7. O-O d6 8. Nc3
O-O 9. e5 d5 10. Nb5 f6 11. cxd5 Nxd5 12. exf6 Rxf6 13. Bg5 a6 14. Bxf6 1-0

[Event "AUTO-OPEN-1409"]
[Site "http://www.queenalice.com/game.php?id=589825"]
[Date "2009.5.17"]
[Round "2"]
[White "dwrogers"]
[Black "SilverBirch"]
[Result "1-0"]
[WhiteElo "1445"]
[BlackElo "1584"]

1. e4 c5 2. Bc4 e6 3. Qf3 g6 4. d3 Bg7 5. Nc3 Ne7 6. Be3 Qb6 7. O-O-O Nbc6 8.
Nh3 Qa5 9. a3 Bxc3 10. bxc3 Qxc3 11. Bxc5 Na5 12. Bb4 Nec6 13. Bxc3 1-0

[Event "AUTO-OPEN-1409"]
[Site "http://www.queenalice.com/game.php?id=589826"]
[Date "2009.5.17"]
[Round "2"]
[White "SilverBirch"]
[Black "dwrogers"]
[Result "0-1"]
[WhiteElo "1554"]
[BlackElo "1594"]

1. d4 d5 2. c4 dxc4 3. Qa4+ Bd7 4. Qxc4 Nc6 5. e4 Be6 6. d5 Ne5 7. Qb3 Bg4 8. f3
Bh5 9. Qxb7 Qb8 10. Bb5+ Nd7 11. Qc6 Nf6 12. e5 a6 13. Ba4 Qd8 14. e6 fxe6 15.
dxe6 Rb8 16. exd7+ Qxd7 17. Qxc7 Qxa4 18. Qxb8+ Kf7 19. Qb3+ Qxb3 20. axb3 e6
21. Ne2 Bb4+ 22. Bd2 Bxd2+ 23. Nxd2 Rd8 24. Rxa6 Bg6 25. Ra7+ Kg8 26. Nc4 Bc2
27. O-O Bxb3 28. Ne5 h6 29. Nf4 Rd4 30. Nxe6 Bxe6 31. Re1 Rd6 32. Nc4 Bxc4 33.
Ree7 Rd1+ 34. Kf2 Rd2+ 35. Kg3 Bf1 0-1

[Event "AUTO-OPEN-1409"]
[Site "http://www.queenalice.com/game.php?id=589833"]
[Date "2009.5.17"]
[Round "2"]
[White "SilverBirch"]
[Black "allazzarini"]
[Result "0-1"]
[WhiteElo "1535"]
[BlackElo "2140"]

1. d4 Nf6 2. c4 g6 3. e3 Bg7 4. Nf3 O-O 5. b4 d6 6. Bd3 b6 7. e4 Bb7 8. Nbd2
Nbd7 9. Bb2 c5 10. bxc5 dxc5 11. e5 Ng4 12. O-O cxd4 13. Bxd4 Ndxe5 14. Bxe5
Nxe5 15. Nxe5 Bxe5 16. Rb1 Qxd3 17. Rb3 Qd6 18. Nf3 Bxf3 19. Rxf3 Bxh2+ 20. Kh1
Qxd1 21. Rxd1 Bd6 22. Rd4 Rad8 23. Ra3 Be5 0-1

[Event "AUTO-OPEN-1409"]
[Site "http://www.queenalice.com/game.php?id=589834"]
[Date "2009.5.17"]
[Round "2"]
[White "allazzarini"]
[Black "SilverBirch"]
[Result "1-0"]
[WhiteElo "2139"]
[BlackElo "1535"]

1. e4 c5 2. Nf3 Nc6 3. d4 cxd4 4. Nxd4 e5 5. Nf5 g6 6. Nd6+ Bxd6 7. Bc4 Qf6 8.
Nd2 Bc5 9. Nf3 Nge7 10. Bg5 Qd6 11. Qxd6 Bxd6 12. O-O-O Bc5 13. Bf6 O-O 14. Nxe5
Nxe5 15. Bxe5 Re8 16. f3 Be3+ 17. Kb1 Nc6 18. Bd6 Ne5 19. Bb3 b6 20. Rhe1 Bf4
21. g3 Nxf3 22. Bxf4 Nxe1 23. Rxe1 Bb7 24. e5 d6 25. e6 1-0